000 00620nam a2200217 a 4500
008 951213s1978||||CS 0 slo c
020 _c12 Kčs.
_q(7000 výtl.)
040 _aSNK
_bslo
_cSNK
_eAACR2
044 _axo
_cSK
080 _a894.545-3
100 1 _aKekkonen, Sylvi
245 1 0 _aAmália
_cSylvi Kekkonen ; Jaroslav Kaňa, Ján Meisner
250 _a1., vyd.
260 _aBratislava
_bPravda
_c1978
_eBratislava
_fPravda
300 _a160 s., 6,16 AH
_c20 cm
500 _aIlustr. na front. Pozn. prekl.
700 1 _aKaňa, Jaroslav
_4prk
700 1 _aMeisner, Ján
_4gup
041 _aslo
958 _aA
999 _c11987
_d11987